000
00230nam a22000857a 4500
008
161013b xxu||||| |||| 00| 0 eng d
100
_9
838
_a
Monsingh.R
245
_a
Kids Strategies
260
_a
Chennai
_b
kids Strategies Publications
_c
2013
999
_c
3490
_d
3490